000 00586nam a2200241 a 4500
001 nice12345678
003 IN_TiNIC
005 20260116013300.0
008 050524s2000 dela grp 000 0 eng
020 _a8172141
_c250
082 0 0 _a303.66
_bCHA
100 _aChandy, K K
245 _aPeace Culture Amidst Power Conflicts
260 _aDelhi
_bISPCK
_c2000
300 _a468p.
500 _aincludes index and biblioraphy
505 2 _aScripture Index.
650 _aCaste-India
700 1 _aChandy, K K
902 _bSRS
942 _cBK
999 _c10391
_d10391